000
00307nam a22001457a 4500
008
221028b ||||| |||| 00| 0 eng d
020
_a
9780205010417
041
_a
eng
080
_a
159.9
082
_a
159.9 MAR
100
_a
24.1
101
_a
PSI
245
_a
PSYCHOLOGY
_c
MARIN A
942
_2
udc
_c
BK
999
_c
58679
_d
58679